| 000 | 00694cam a2200241 4500500 | ||
|---|---|---|---|
| 005 | 20260419001146.0 | ||
| 041 | _afre | ||
| 042 | _adc | ||
| 100 | 1 | 0 |
_aMokhtar, Roman Ait _eauthor |
| 245 | 0 | 0 | _aPeut-on laisser une IA corriger son accent ? |
| 260 | _c2023. | ||
| 500 | _a53 | ||
| 690 | _aCommunication | ||
| 690 | _aDiversité | ||
| 690 | _aEntreprise | ||
| 690 | _aInnovation | ||
| 690 | _aIntelligence artificielle | ||
| 690 | _aManagement interculturel | ||
| 690 | _aRobots | ||
| 690 | _aTechnologie | ||
| 786 | 0 | _nPhilonomist | - | 5 | 2023-04-11 | p. 104-109 | |
| 856 | 4 | 1 | _uhttps://shs.cairn.info/magazine-philonomist-2023-5-page-104?lang=fr&redirect-ssocas=7080 |
| 999 |
_c2212734 _d2212734 |
||